000 01182nam a22002417a 4500
005 20111207162222.0
008 111207t xxu||||| |||| 00| 0 mar d
010 _aMAR-21734
020 _a9788184983029
_c180.00
035 _aMR-14392
037 _bDBAD/PUB
040 _aDPL
_bMR
082 _a921
100 _aजेस्मी
_936528
245 _aआमेन :
_cजेस्मी ; सुनंदा अमरापुरकर द्वारा अनुवादित
_bद ऑटोबायोग्राफी ऑफ अ नन /
246 _aAmen : The Autobiography of a Nun
_bby Jesme
260 _aपुणे
_bमेहता पब्लिशिंग हाऊस
_c2011
270 _a1941,सदाशिव पेठ,माडीवाले कॉलनी,
_bपुणे
_e411030
300 _aसात,160पृ.
_c22 सेमी(अजिल्द)
700 _aअमरापुरकर,सुनंदा
_936531
942 _2ddc
_cMR
_h921
_mजेस्मीआ
999 _c59162
_d59162